Top 30 : Justin Bieber - Statistiques

Statistiques générales
  • Ce quiz a été pris 155 fois
  • Le résultat moyen est 14 sur 30
Statistiques - réponses
Top Titres Featuring % Correct
14 Baby Ludacris
97%
4 Sorry
80%
1 STAY The Kid Laroi
77%
3 Let Me Love You DJ Snake
76%
8 Despacito - Remix Luis Fonsi, Daddy Yankee
70%
15 Beauty And A Beat Nicki Minaj
69%
2 Love Yourself
65%
7 What Do You Mean?
65%
9 Peaches Daniel Caesar, GIVĒON
62%
11 I'm the One DJ Khaled, Quavo, Chance the Rapper, Lil Wayne
58%
18 Lonely Benny Blanco
55%
13 Stuck with U Ariana Grande
53%
30 Boyfriend
51%
22 Yummy
48%
5 I Don't Care Ed Sheeran
47%
10 Cold Water Major Lazer, MØ
46%
20 Confident Chance the Rapper
45%
16 Where Are Ü Now Skrillex, Diplo
45%
23 Eenie Meenie Sean Kingston
41%
29 Monster Shawn Mendes
40%
6 Ghost
37%
21 2U David Guetta
32%
12 Intentions Quavo
30%
24 Holy Chance the Rapper
28%
17 10,000 Hours Dan + Shay
26%
27 Company
26%
28 Friends BloodPop®
16%
19 Mistletoe
16%
25 Hold On
15%
26 Anyone
11%
Aucun quiz correspondant
Distribution des résultats
% des personnes avec chaque résultat
Percentile par nombre de réponses
Votre historique - résultats
Vous n’avez pas pris ce quiz